Science and health : (Record no. 64288)
[ view plain ]
| 000 -LEADER | |
|---|---|
| fixed length control field | 00534nam a22001577a 4500 |
| 005 - DATE AND TIME OF LATEST TRANSACTION | |
| control field | 20120323120226.0 |
| 020 ## - INTERNATIONAL STANDARD BOOK NUMBER | |
| International Standard Book Number | 0879520388 |
| Terms of availability | 00.00 |
| 035 ## - SYSTEM CONTROL NUMBER | |
| System control number | B-45667 |
| 037 ## - SOURCE OF ACQUISITION | |
| Stock number | DPL |
| Source of stock number/acquisition | ENG |
| 100 ## - MAIN ENTRY--PERSONAL NAME | |
| Personal name | Eddy, Mary Baker |
| 245 ## - TITLE STATEMENT | |
| Title | Science and health : |
| Remainder of title | With key to the scriptures / |
| Statement of responsibility, etc | by Mary Baker Eddy |
| 260 ## - PUBLICATION, DISTRIBUTION, ETC. (IMPRINT) | |
| Place of publication, distribution, etc | Bostorn |
| 300 ## - PHYSICAL DESCRIPTION | |
| Extent | xii, 700p. |
| Dimensions | 22 cms. |
| 942 ## - ADDED ENTRY ELEMENTS (KOHA) | |
| Source of classification or shelving scheme | Dewey Decimal Classification |
| Item type | English Books |
| Classification part | 215 |
| Call number suffix | EDD |
| Withdrawn status | Lost status | Not for loan | Collection code | Home library | Current library | Date acquired | Cost, normal purchase price | Full call number | Barcode | Cost, replacement price | Koha item type |
|---|---|---|---|---|---|---|---|---|---|---|---|
| Non-fiction | Sarojini Nagar | Sarojini Nagar | 23/03/2012 | 0.00 | 215 EDD | B-45667 | 0.00 | English Books |
